| 000 | 01590cam a22004214i 4500 | ||
|---|---|---|---|
| 003 | PE-LiUPU | ||
| 005 | 20250731173058.0 | ||
| 008 | 150623s r 000 0 d | ||
| 035 | _a(Sirsi) a24372 | ||
| 040 |
_aPE-LiUPU _bspa _cPE-LiUPU _erda |
||
| 082 | 0 | 4 |
_a262.06732 _bB29 _221 |
| 100 | 1 |
_aBeach, Walter Raymond, _eautor. |
|
| 245 | 1 | 0 |
_aPattern for progress : _bthe roe and function of church organization / _cWalter Raymond Beach. |
| 264 | 1 |
_aHagerstown, MD : _bReview and Herald Publishing Association, _c1985. |
|
| 300 |
_a142 páginas ; _c22 cm. |
||
| 336 |
_atext _2rdacontent |
||
| 337 |
_aunmediated _2rdamedia |
||
| 338 |
_avolume _2rdacarrier |
||
| 505 | 0 | _aWhat and where is the church?. -The calling with a message and a mission. -A world church and representative organization. -The church and leadership. -The church's ordained ministry.. -The essence of Adventism. | |
| 526 | _aSEG42 | ||
| 526 | _aSEG41 | ||
| 526 | _aSEG40 | ||
| 526 | _aSEG39 | ||
| 526 | _aP94 | ||
| 526 | _aP87 | ||
| 526 | _aP86 | ||
| 526 | _aP85 | ||
| 526 | _aP77 | ||
| 526 | _aP76 | ||
| 526 | _aP35 | ||
| 610 | 2 |
_aIASD _xDoctrinas. |
|
| 700 | 1 | _aBeach, Bert Beverly. | |
| 942 |
_2ddc _cBOOK |
||
| 949 |
_a262.06732 B29 _wDEWEY _c1 _i48670 _lCCODEBUL1 _mBUL _p00.00 _r0 _sY _tBOOK _u2015-06-24 _xTEOLOGIA _PP35 _0COMPRA _o.STAFF. Colección General |
||
| 596 | _a1 | ||
| 999 |
_a262.06732 B29 _wDEWEY _c27843 _i48670 _f2021-11-10 _g5 _lCCODEBUL1 _mBUL _r0 _sY _tBOOK _u2015-6-24 _xTEOLOGIA _PP35 _0COMPRA _o.STAFF. Colección General _d27843 |
||
| 980 |
_81 _gALBERTO SANCHEZ Responsable de Automatización |
||